Rural architecture (Record no. 117813)

MARC details
000 -LEADER
fixed length control field 01164cam a2200229 4500
001 - CONTROL NUMBER
control field WB@3612-620
008 - FIXED-LENGTH DATA ELEMENTS--GENERAL INFORMATION
fixed length control field 040804n2004 000 0 eng u
035 ## - SYSTEM CONTROL NUMBER
System control number (Sirsi) u127006
245 ## - TITLE STATEMENT
Title Rural architecture
260 ## - PUBLICATION, DISTRIBUTION, ETC.
Date of publication, distribution, etc. 2004
490 ## - SERIES STATEMENT
Series statement ODPM News Release
Volume/sequential designation (2004/0190) 3 August 2004 (3)
520 ## - SUMMARY, ETC.
Summary, etc. Planning Policy Statement 7: "Sustainable development in rural areas" has been published. This replaces the existing guidance with a forward looking policy exception for new houses in the countryside that reflect the highest standards of contemporary architecture. It seeks to encourage innovative design, modern methods of construction, use of sustainable building materials and developments that have a reduced impact on environmental resources. The full document can be viewed at: http://www.odpm.gov.uk/stellent/groups/odpm_planni ng/documents/page/odpm_plan_030148.hcsp. http://www.odpm.gov.uk/pns/DisplayPN.cgi?pn_id=200 4_0190
590 ## - LOCAL NOTE (RLIN)
Local note WB
590 ## - LOCAL NOTE (RLIN)
Local note WB
650 ## - SUBJECT ADDED ENTRY--TOPICAL TERM
Topical term or geographic name entry element RURAL DEVELOPMENT
650 ## - SUBJECT ADDED ENTRY--TOPICAL TERM
Topical term or geographic name entry element RURAL HOUSING
650 ## - SUBJECT ADDED ENTRY--TOPICAL TERM
Topical term or geographic name entry element ARCHITECTURE
650 ## - SUBJECT ADDED ENTRY--TOPICAL TERM
Topical term or geographic name entry element COUNTRY HOUSES
650 ## - SUBJECT ADDED ENTRY--TOPICAL TERM
Topical term or geographic name entry element PPS7
690 ## - LOCAL SUBJECT ADDED ENTRY--TOPICAL TERM (OCLC, RLIN)
Topical term or geographic name as entry element PLANNING
942 ## - ADDED ENTRY ELEMENTS (KOHA)
Suppress in OPAC 0
Holdings
Withdrawn status Lost status Source of classification or shelving scheme Damaged status Not for loan Home library Current library Shelving location Date acquired Total Checkouts Full call number Barcode Date last seen Copy number Price effective from Koha item type
    Dewey Decimal Classification     London London News article 04/08/2004   WB403014 127006-1001 06/08/2019 1 06/08/2019 News article